Derecho procesal civil : (Registro nro. 34153)

Detalles MARC
000 -LEADER
fixed length control field 01104cam a2200337 a 4500
001 - CONTROL NUMBER
control field 218866
003 - CONTROL NUMBER IDENTIFIER
control field CO-CtgCURN
005 - DATE AND TIME OF LATEST TRANSACTION
control field 20250429223958.0
008 - FIXED-LENGTH DATA ELEMENTS--GENERAL INFORMATION
fixed length control field 010704s2001 ck r 001 0 spa d
015 ## - NATIONAL BIBLIOGRAPHY NUMBER
National bibliography number ck-2001-xxxx
020 ## - INTERNATIONAL STANDARD BOOK NUMBER
International Standard Book Number 9586353982
035 ## - SYSTEM CONTROL NUMBER
System control number AHE9331 LA
040 ## - CATALOGING SOURCE
Original cataloging agency CO-CtgCURN
Transcribing agency coctgcurn
Language of cataloging spa
Description conventions rda
041 0# - LANGUAGE CODE
Language code of text/sound track or separate title spa
043 ## - GEOGRAPHIC AREA CODE
Geographic area code s-ck---
082 04 - DEWEY DECIMAL CLASSIFICATION NUMBER
Classification number 347.9
Item number M65d
Edition information 19 ed
100 1# - MAIN ENTRY--PERSONAL NAME
Personal name Monroy Cabra, Marco Gerardo,
Dates associated with a name 1940-
9 (RLIN) 1571.
245 10 - TITLE STATEMENT
Title Derecho procesal civil :
Remainder of title parte general /
Statement of responsibility, etc. Marco Gerardo Monroy Cabra.
250 ## - EDITION STATEMENT
Edition statement 5a. ed. ; actualizada.
260 ## - PUBLICATION, DISTRIBUTION, ETC.
Place of publication, distribution, etc. Bogot D .C. :
Name of publisher, distributor, etc. Ediciones Libreria del Profesional,
Date of publication, distribution, etc. 2001.
300 ## - PHYSICAL DESCRIPTION
Extent xxxiii, 612 p. ;
Dimensions 23 cm.
336 ## - CONTENT TYPE
Source rdacontent
337 ## - MEDIA TYPE
Source rdamedia
338 ## - CARRIER TYPE
Source rdacarrier
500 ## - GENERAL NOTE
General note Incluye Bibliografia e indice.
650 #0 - SUBJECT ADDED ENTRY--TOPICAL TERM
Topical term or geographic name entry element Procedimiento civil
Geographic subdivision Colombia.
9 (RLIN) 1572.
650 #0 - SUBJECT ADDED ENTRY--TOPICAL TERM
Topical term or geographic name entry element Procesos (Derecho)
Geographic subdivision Colombia.
9 (RLIN) 1573.
942 ## - ADDED ENTRY ELEMENTS (KOHA)
Source of classification or shelving scheme Dewey Decimal Classification
Koha item type Libros
Classification part 347.9
Item part M65d
999 ## - SYSTEM CONTROL NUMBERS (KOHA)
-- 2
Existencias
Withdrawn status Lost status Source of classification or shelving scheme Damaged status Not for loan Collection Home library Current library Shelving location Date acquired Inventory number Total checkouts Full call number Barcode Date last seen Copy number Price effective from Koha item type Public note Date last checked out
    Dewey Decimal Classification     General Miguel Henríquez Castañeda Miguel Henríquez Castañeda General 08/08/2019 005870   347.9 M65d 005870 08/08/2019 Ej. 1 08/08/2019 Libros 340-DEREC  
    Dewey Decimal Classification     General Miguel Henríquez Castañeda Miguel Henríquez Castañeda General 08/08/2019 007015 1 347.9 M65d 2001 007015 09/09/2025 Ej. 2 08/08/2019 Libros 340-DEREC 09/09/2025